=LDR 00000nam 2200000 4500 =001 INLIS000000000050998 =005 20200228032101 =035 ##$$a 0010-0817000181 =007 ta =008 200228################g##########0#ind## =020 ##$$a 978-602-255-905-4 =082 ##$$a 153.3 =084 ##$$a 153.3 SUY c =100 #$$a Suyadi =245 1#$$a Cerdas dengan Spiritual Educational Games /$c Suyadi; Editor, kak damaya =250 ##$$a cet.1 =260 ##$$a Yogyakarta :$b Saufa,$c 2015 =300 ##$$a 176 hlm ; $c 14 x 20 cm =650 #4$$a Kreativitas =504 ##$$a Bibliografi ; hlm. 171 - 174 =520 ##$$a Biografi : hlm. 175 =990 ##$$a 31701638